| 000 | 00710nam a2200241 i 4500 | ||
|---|---|---|---|
| 001 | 105480 | ||
| 003 | ES-MaACL | ||
| 005 | 20250727062605.0 | ||
| 007 | t| | ||
| 008 | 060719s1970 fr ||||1| spa d | ||
| 080 | _a330.84/.86 | ||
| 100 | 1 |
_aLefort, Claude. _971249 |
|
| 245 | 1 | 1 |
_a¿Qué es la burocracia? y otros ensayos / _cClaude Lefort. |
| 260 |
_a[Paris] : _bRuedo Ibérico, _c[1970] |
||
| 300 |
_a316 p. ; _c22 cm. |
||
| 490 | 1 | _aEl viejo topo | |
| 650 | 1 | 7 |
_aSocialismo _2embne _917147 |
| 650 | 4 |
_aBurocracia. _910646 |
|
| 710 | 2 |
_aÉditions Ruedo ibérico. _9145333 |
|
| 830 | 1 |
_aEl viejo topo _9183477 |
|
| 852 |
_aES-MaACL _jAND-297 _z- Biblioteca Juan Andrade |
||
| 999 |
_c105480 _d105480 |
||